The concise Oxford dictionary of current english

Guardat en:
Dades bibliogràfiques
Autors principals: Fowler, H. W (Autor), Mesuries, H. G (Autor)
Format: Llibre
Idioma:anglès
Publicat: Oxford Oxford University 1942
Edició:3a. ed
Matèries:
Etiquetes: Afegir etiqueta
Sense etiquetes, Sigues el primer a etiquetar aquest registre!

MARC

LEADER 00000nam a2200000 a 4500
001 UCX2639
003 CL-VaPUC
008 910715e19420000UK |||||||||||||||||eng|d
082 0 4 |a 423  |b FOW  |2 21 
100 0 |a Fowler, H. W  |e author  |9 318674 
700 0 |a Mesuries, H. G  |e author  |9 318675 
245 1 4 |a The concise Oxford dictionary of current english 
250 |a 3a. ed 
300 |a 1507 p 
942 |c BK 
945 |d 19910715 00:00:00 
260 |a Oxford  |b Oxford University  |c 1942 
650 7 |a INGLES DICCIONARIOS  |2 CL-VaPUC  |9 316312 
583 |a last modification  |c 19910715 00:00:00  |k Rodrigo Vera 
999 |c 223618  |d 223616 
952 |0 0  |1 0  |4 0  |6 423_000000000000000_FOW_1942  |7 0  |8 X  |9 219612  |a BIBEDU  |b BIBEDU  |d 2019-11-15  |i 2882965  |o 423 FOW 1942  |p 2882965  |r 2023-01-13  |w 2019-11-15  |y BK_X  |k LIT